• 首页
  • 本馆介绍
  • 公告通知
  • 最新文献
  • 馆藏检索
  • 电子资源
  • 读者导购
  • 参考咨询
  • 我的图书馆
  • 登录
  • 详细信息显示
  • 放入我的书架
  • 预约/预借图书
  • 作者相关作品
  • 分类相关作品
  • 丛书相关作品
  • 出版社相关作品

书目信息

  • 表格格式
  • 工作单格式
  • 卡片格式
题名:
智能手机平板电脑维修从入门到精通
    
 
作者: 韩雪涛 主编
分册:  
出版信息: 北京   化学工业出版社  2016.2
页数: 450页
开本: 26cm
丛书名:
单 册:
中图分类: TN929.53 , TP368.330.7
科图分类:
主题词: 移动电话机--维修 , 便携式计算机--维修
电子资源:
ISBN: 978-7-122-25619-5
000 01024nam0 2200277 450
001 0400003065
005 20171021182405.0
010    @a978-7-122-25619-5@dCNY88.00
100    @a20150920d2016 em y0chiy50 ea
101 0  @achi
102    @aCN@b110000
105    @aa z 000yy
106    @ar
200 1  @a智能手机平板电脑维修从入门到精通@9zhi neng shou ji ping ban dian nao wei xiu cong ru men dao jing tong@f韩雪涛主编
210    @a北京@c化学工业出版社@d2016.2
215    @a450页@c图@d26cm
304    @a数码维修工程师鉴定指导中心组织编写
330    @a本书集智能手机和平板电脑维修于一体,内容依据国家相关职业技能的要求和标准,结合智能手机和平板电脑的维修特点和维修行业要求编写而成。主要内容包括:智能手机、平板电脑的维修工具;智能手机的种类特点和使用操作等。
606 0  @a移动电话机@x维修
606 0  @a便携式计算机@x维修
610 0  @a手机
690    @aTN929.53@v5
690    @aTP368.330.7@v5
701  0 @a韩雪涛@9han xue tao@4主编
801  0 @aCN@b91MARC@c20171021
905    @b1033286-90@dTN929.53@f5@e213
    
    智能手机平板电脑维修从入门到精通/韩雪涛主编.-北京:化学工业出版社,2016.2
    450页:图;26cm
    
    
    ISBN 978-7-122-25619-5:CNY88.00
    本书集智能手机和平板电脑维修于一体,内容依据国家相关职业技能的要求和标准,结合智能手机和平板电脑的维修特点和维修行业要求编写而成。主要内容包括:智能手机、平板电脑的维修工具;智能手机的种类特点和使用操作等。
●
相关链接 在E读中查询图书 在五车中查询图书 在当当中查询图书 在豆瓣中查询图书


正题名:智能手机平板电脑维修从入门到精通     索取号:TN929.53/213         预约/预借

序号 登录号 条形码 馆藏地/架位号 状态 备注
1 1033286   210332861   第二样本阅览室/ [索取号:TN929.53/213] 在馆    
2 1033287   210332870   密集书库-物理学院/ [索取号:TN929.53/213] 在馆    
3 1033288   210332889   第三借阅区/ [索取号:TN929.53/213] 在馆    
4 1033289   210332898   第三借阅区/ [索取号:TN929.53/213] 在馆    
5 1033290   210332905   第三借阅区/ [索取号:TN929.53/213] 在馆    
唐山师范学院图书馆 欢迎您!
大连网信软件有限公司© 版权所有